00830nam a22002537a 4500003000600000005001700006008004100023010001200064020001600076040000700092050002400099100002100123245006700144250002000211260004000231300002700271440003600298504003800334650005000372700003900422700003400461700004000495700004100535AUA.120150407120445.0111220t xxu||||| |||| 00| 0 eng d a8171768 a0785247734X cFF aBS 491.2b.W67 2002 aAllen, Leslie C. aWord Biblical commentary :bPsalms 101-150, cLeslie C. Allen. arevised edition aNashville :bThomas Nelson,cc2002. axxiv, 423 p. :c24 cm. aWord Biblical commentary:nv.21 aInclude bibliographies and index. vPsalms 101-150, revisedx BibleyCommentaries aHubbard, David A. 4General ed. aBarker, Glenn W.4General ed. aWatts, John D.W.4Old Testament ed. aMartin, Ralph P. 4New Testament ed.